000 00372 a2200145 4500
001 13088
082 _a920.549 SHA
090 _c10089
_d10089
100 _aShabbir Hussain, Syed
245 _aAl-Mashriqi the disowned genius
260 _aLahore
_bJang Publishers
_c1991
300 _avii, 293 p
650 _adisowned genius
700 _4allama mashriqi
_amashriqi
942 _aNUST-CAE
_k920.549 SHA
999 _c248161
_d248161